00489nmm a2200169Ia 4500008004100000020001800041041000800059100003100067245001600098264007600114300001800190490001400208650002200222856005100244942000700295999001700302251105s9999||||xx |||||||||||||||||und|| a9788471486332 aspa aElorrieta Puente, Begoña 0aFuego amigo a[Madrid, España] :bElkar, c[Fecha de publicación no identificada] a264 páginas aNarrativa aSpanish narrative uhttps://public.digitaliapublishing.com/a/98821 cCF c84833d84833